Transparencia y procesos electorales / (Record no. 159251)

MARC details
000 -CABECERA
campo de control de longitud fija 00679nam a2200205 a 4500
005 - FECHA Y HORA DE LA ÚLTIMA TRANSACCIÓN
campo de control 20231028063559.0
008 - ELEMENTOS DE LONGITUD FIJA--INFORMACIÓN GENERAL
campo de control de longitud fija 121005s2011 mx r 000 0 spa d
035 ## - NÚMERO DE CONTROL DEL SISTEMA
Número de control de sistema UPN01000187148
049 ## - COLECCIÓN
Colección CG
050 #4 - SIGNATURA TOPOGRÁFICA DE LA BIBLIOTECA DEL CONGRESO
Número de clasificación JL1229 S4
Número de documento/Ítem E5.7 no.17
100 1# - ASIENTO PRINCIPAL--NOMBRE PERSONAL
Nombre de persona Córdova Vianello, Lorenzo,
Fechas asociadas al nombre 1972-
9 (RLIN) 34672
245 10 - MENCIÓN DE TÍTULO
Título Transparencia y procesos electorales /
Mención de responsabilidad, etc. Lorenzo Córdova Vianello.
260 ## - PUBLICACIÓN, DISTRIBUCIÓN, ETC.
Lugar de publicación, distribución, etc. México :
Nombre del editor, distribuidor, etc. INFODF,
Fecha de publicación, distribución, etc. 2011.
300 ## - DESCRIPCIÓN FÍSICA
Extensión 56 p.
440 #0 - MENCIÓN DE SERIE/ASIENTO SECUNDARIO--TÍTULO
Título Ensayos para la transparencia de la Ciudad de México ;
Designación de volumen o secuencia 17
650 #2 - ASIENTO SECUNDARIO DE MATERIA - TERMINO TEMATICO
Término de materia o nombre geográfico como elemento de entrada Transparencia en el gobierno
Subdivisión geográfica México
9 (RLIN) 11094
650 #4 - ASIENTO SECUNDARIO DE MATERIA - TERMINO TEMATICO
Término de materia o nombre geográfico como elemento de entrada Elecciones
Subdivisión geográfica Distrito Federal (México)
9 (RLIN) 22630
905 ## - TIPO DE MATERIAL
Tipo de material Libro
Holdings
Estado de retiro Estado de pérdida Fuente del sistema de clasificación o colocación Estado dañado No para préstamo Código de colección Localización permanente Ubicación/localización actual Ubicación en estantería Total de préstamos Clasificación Código de barras Fecha visto por última vez Número de copia Tipo de ítem Koha
    Library of Congress Classification     Colección General Bib. Gregorio Torres Quintero Bib. Gregorio Torres Quintero Planta baja   JL1229 S4 E5.7 no.17 285406 31/12/2020 1 Libro